Notas sobre control civil y fuerzas armadas en el Uruguay actual
Salvato in:
| Autore principale: | |
|---|---|
| Natura: | testo |
| Pubblicazione: |
s.l.:
PEITHO
|
| Tags: |
Aggiungi Tag
Nessun Tag, puoi essere il primo ad aggiungerne!!
|
MARC
| LEADER | 00000 a a2200000 04500 | ||
|---|---|---|---|
| 001 | 25120 | ||
| 003 | |||
| 040 | |||
| 090 | |a 179900 | ||
| 100 | |a Cocchi, Angel | ||
| 245 | |a Notas sobre control civil y fuerzas armadas en el Uruguay actual | ||
| 260 | |a s.l.: |b PEITHO | ||
| 300 | |a 11 p. | ||
| 999 | |c 6013 |d 6013 | ||
